Statistics for OneRepublic Songs

Click here to take the quiz!

General Stats

  • This quiz has been taken 31 times
  • The average score is 35 of 66

Answer Stats

Answer% Correct
All The Right Moves
90%
Counting Stars
90%
Apologize
86%
Love Runs Out
81%
Dream
76%
Marchin' On
76%
Secrets
76%
Stop and Stare
76%
Burning Bridges
71%
Dreaming Out Loud
71%
If I lose Myself
71%
Kids
71%
Oh My My
71%
Preacher
71%
Waking Up
71%
Good Life
67%
I Lived
67%
Let's Hurt Tonight
67%
Something I Need
67%
Wherever I Go
67%
A.I.
62%
Choke
57%
Come Home
57%
Everybody Loves Me
57%
Feel Again
57%
Human
57%
Life In Color
57%
Say (All I Need)
57%
All Fall Down
52%
Better
52%
Future Looks Good
52%
Mercy
52%
Tyrant
52%
All We Are
48%
Born
48%
Can't Stop
48%
Fingertips
48%
Missing Persons 1 & 2
48%
Someone to Save You
48%
What You Wanted
48%
All This Time
43%
Au Revoir
43%
Fear
43%
Goodbye, Apathy
43%
Heaven
43%
Lift Me Up
43%
Lullaby
43%
No Vacancy
43%
Prodigal
43%
Won't Stop
43%
All These Things
38%
Colors
38%
Light It Up
38%
NbHD
38%
Sleep
38%
Don't Look Down
33%
Made for You
33%
Passenger
33%
Trap Door
33%
It's a Shame
29%
Something's Gotta Give
29%
Sucker Punch
29%
The Less I Know
29%
Christmas Without You
24%
Hearing Voices
14%
Something's Not Right Here
14%

Score Distribution

Percentile by Number Answered

Percent of People with Each Score

Your Score History

You have not taken this quiz